[Event "Montesilvano op 21st"]
[Site "Montesilvano"]
[Date "2020.12.18"]
[Round "1"]
[White "Carlo, Emanuele"]
[Black "Castelfranchi, Carlo"]
[Result "1-0"]
[WhiteElo "2288"]
[BlackElo "1975"]
[PlyCount "63"]
[EventDate "2020.12.18"]
[EventType "swiss"]
[EventRounds "5"]
[EventCountry "ITA"]
[SourceTitle "EXT 2022"]
[Source "ChessBase"]
[SourceDate "2021.10.06"]
[SourceVersion "1"]
[SourceVersionDate "2021.10.06"]
[SourceQuality "1"]

1. e4 Nf6 2. e5 Nd5 3. c4 Nb6 4. d4 d6 5. exd6 exd6 6. h3 g6 7. Nf3 Bg7 8. Be2 0-0 9. 0-0 Nc6 10. Nc3 Bf5 11. Be3 d5 12. c5 Nc4 13. Bc1 Nb4 14. b3 Na5 15. Bg5 f6 16. Bf4 Re8 17. Rc1 Qe7 18. Re1 Qf7 19. Be3 Rad8 20. a3 Nbc6 21. b4 Nc4 22. Nxd5 Nxa3 23. Qb3 Be6 24. Nxf6+ Bxf6 25. Qxa3 Bd5 26. b5 Bxf3 27. Bxf3 Nxd4 28. Bxb7 Nxb5 29. Qa4 Nc3 30. Qxa7 Rxe3 31. Rxe3 Rd2 32. Bf3 1-0

[Event "Rome Lazio op 2nd"]
[Site "Rome"]
[Date "2014.01.05"]
[Round "5"]
[White "Castelfranchi, Carlo"]
[Black "Pecorari, Marcello"]
[Result "1-0"]
[WhiteElo "2052"]
[BlackElo "2032"]
[PlyCount "69"]
[EventDate "2014.01.02"]
[EventType "swiss"]
[EventRounds "7"]
[EventCountry "ITA"]
[SourceTitle "EXT 2015"]
[Source "ChessBase"]
[SourceDate "2014.11.20"]
[SourceVersion "1"]
[SourceVersionDate "2014.11.20"]
[SourceQuality "1"]

1. e4 c5 2. Nf3 d6 3. d4 cxd4 4. Nxd4 Nf6 5. Nc3 Nc6 6. Bc4 e6 7. Be3 Be7 8. Qe2 0-0 9. 0-0-0 a6 10. Rhg1 Qc7 11. g4 Nxd4 12. Bxd4 e5 13. Be3 Be6 14. Bb3 Rfd8 15. g5 Ne8 16. g6 Nf6 17. gxf7+ Bxf7 18. Bh6 g6 19. h4 Bxb3 20. axb3 Kf7 21. h5 Rg8 22. hxg6+ Rxg6 23. Rxg6 hxg6 24. Bg5 Rh8 25. Qf3 Rc8 26. Rh1 Kg7 27. Qh3 Kf7 28. Bxf6 Bxf6 29. Qh7+ Bg7 30. Rg1 Rh8 31. Qxg6+ Kf8 32. Qf5+ Ke8 33. Nd5 Bh6+ 34. Kb1 Qa5 35. Qe6+ 1-0

[Event "Trieste op 13th"]
[Site "Trieste"]
[Date "2011.09.05"]
[Round "4"]
[White "Fruehauf, Norbert"]
[Black "Castelfranchi, Carlo"]
[Result "0-1"]
[WhiteElo "2078"]
[BlackElo "2057"]
[PlyCount "62"]
[EventDate "2011.09.03"]
[EventType "swiss"]
[EventRounds "9"]
[EventCountry "ITA"]
[SourceTitle "CBM 144 Extra"]
[Source "ChessBase"]
[SourceDate "2011.10.28"]
[SourceVersion "1"]
[SourceVersionDate "2011.10.28"]
[SourceQuality "1"]

1. e4 Nf6 2. e5 Nd5 3. d4 d6 4. Nf3 Bg4 5. Be2 e6 6. c4 Nb6 7. 0-0 Be7 8. exd6 cxd6 9. Nc3 0-0 10. Be3 Nc6 11. d5 exd5 12. Nxd5 Nxd5 13. cxd5 Bxf3 14. Bxf3 Ne5 15. Be2 f5 16. Qa4 a6 17. Rac1 b5 18. Qb4 a5 19. Qd2 Rb8 20. b4 axb4 21. Qxb4 Ra8 22. Rc2 f4 23. Bd2 f3 24. gxf3 Qe8 25. Qb3 Ra3 26. Qb1 Raxf3 27. Rc3 Qh5 28. Rxf3 Rxf3 29. Bxf3 Nxf3+ 30. Kg2 Qg4+ 31. Kh1 Nh4 0-1

[Event "Trieste op 12th"]
[Site "Trieste"]
[Date "2010.09.11"]
[Round "9"]
[White "Castelfranchi, Carlo"]
[Black "Tonel, Giulia"]
[Result "1-0"]
[WhiteElo "2133"]
[BlackElo "2001"]
[PlyCount "127"]
[EventDate "2010.09.04"]
[EventType "swiss"]
[EventRounds "9"]
[EventCountry "ITA"]
[SourceTitle "CBM 138 Extra"]
[Source "ChessBase"]
[SourceDate "2010.10.29"]
[SourceVersion "1"]
[SourceVersionDate "2010.10.29"]
[SourceQuality "1"]

1. e4 c5 2. Nf3 Nc6 3. d4 cxd4 4. Nxd4 e5 5. Nb5 d6 6. Bc4 Be7 7. Nd2 Nf6 8. Nf3 0-0 9. Qd3 a6 10. Nc3 Be6 11. Bxe6 fxe6 12. Bg5 Rc8 13. 0-0 Nh5 14. Bxe7 Qxe7 15. Ne2 Rcd8 16. c3 Kh8 17. Rad1 g5 18. g3 h6 19. b4 Qf7 20. Ne1 Qg6 21. Kh1 Rd7 22. Ng2 Nf6 23. f3 Rff7 24. Ne3 d5 25. exd5 Qxd3 26. Rxd3 exd5 27. Kg2 d4 28. Nf5 Kh7 29. cxd4 Nxb4 30. Rb3 Nfd5 31. g4 exd4 32. Nexd4 a5 33. h4 gxh4 34. Rh1 Nf4+ 35. Kf2 h3 36. Kg3 Nxa2 37. Rb6 Nc3 38. Rxh6+ Kg8 39. Re1 Ncd5 40. Re8+ Rf8 41. Rxf8+ Kxf8 42. Rh8+ Kf7 43. Rh7+ Ke8 44. Rh8+ Kf7 45. Rh7+ Ke8 46. Ng7+ Kf8 47. Nge6+ Ke8 48. Rh8+ Ke7 49. Nxf4 Nxf4 50. Nf5+ Ke6 51. Kxf4 a4 52. g5 a3 53. Rh6+ Kd5 54. Rxh3 Kc4 55. Ke5 a2 56. Rh1 b5 57. Nd6+ Kc5 58. Rc1+ Kb4 59. g6 Kb3 60. Nxb5 Kb2 61. Rg1 Rb7 62. Nd4 Rc7 63. Rg2+ Kb1 64. Rxa2 1-0

[Event "Rome Elo op 4th"]
[Site "Rome"]
[Date "2009.05.20"]
[Round "3"]
[White "Castelfranchi, Carlo"]
[Black "De Maria, Isaia"]
[Result "1/2-1/2"]
[WhiteElo "2082"]
[BlackElo "1884"]
[PlyCount "128"]
[EventDate "2009.05.06"]
[EventType "swiss"]
[EventRounds "7"]
[EventCountry "ITA"]
[SourceTitle "EXT 2011"]
[Source "ChessBase"]
[SourceDate "2010.11.26"]
[SourceVersion "1"]
[SourceVersionDate "2010.11.26"]
[SourceQuality "1"]

1. e4 c5 2. Nf3 Nc6 3. d4 cxd4 4. Nxd4 g6 5. Nc3 Bg7 6. Be3 Nf6 7. Nxc6 bxc6 8. e5 Ng8 9. f4 Nh6 10. Qd2 d5 11. exd6 Qxd6 12. 0-0-0 Qxd2+ 13. Rxd2 Bxc3 14. bxc3 Be6 15. Ba6 Rd8 16. Rxd8+ Kxd8 17. Bd4 Rg8 18. Be5 Nf5 19. Rd1+ Nd6 20. c4 c5 21. Bxd6 exd6 22. Rxd6+ Kc7 23. Rd3 Rd8 24. a4 Rd6 25. Bb5 Rd8 26. a5 Rd6 27. Kb2 Rd8 28. Kb3 Rd6 29. Ka4 Rd8 30. Ba6 Rb8 31. Rb3 Bd7+ 32. Ka3 Bc6 33. Rxb8 Kxb8 34. g3 Kc7 35. Bb5 Be4 36. Be8 f6 37. Ba4 a6 38. Kb3 g5 39. fxg5 fxg5 40. Kc3 Kd6 41. Kd2 Ke5 42. c3 Bb7 43. Ke3 h6 44. Bd7 Kd6 45. Bg4 Ke5 46. Bh5 Bc6 47. Bd1 Bb7 48. Ba4 Kd6 49. Be8 Ke5 50. Bd7 Kd6 51. Bf5 Ke5 52. Bg4 Kf6 53. h4 Ke5 54. hxg5 hxg5 55. Bd7 Kd6 56. Be8 Ke5 57. Bh5 Kf6 58. Be8 Ke7 59. Bh5 Kf6 60. Bf3 Bxf3 61. Kxf3 Kf5 62. g4+ Kf6 63. Ke4 Ke6 64. Kf3 Kf6 1/2-1/2

[Event "Rome Elo op 3rd"]
[Site "Rome"]
[Date "2009.04.15"]
[Round "6"]
[White "Castelfranchi, Carlo"]
[Black "Napoli, Nicolo"]
[Result "0-1"]
[WhiteElo "2081"]
[BlackElo "2313"]
[PlyCount "110"]
[EventDate "2009.03.11"]
[EventType "swiss"]
[EventRounds "6"]
[EventCountry "ITA"]
[SourceTitle "EXT 2011"]
[Source "ChessBase"]
[SourceDate "2010.11.26"]
[SourceVersion "1"]
[SourceVersionDate "2010.11.26"]
[SourceQuality "1"]

1. e4 c6 2. d4 Nf6 3. e5 Nd5 4. Nf3 d6 5. c4 Nb6 6. exd6 exd6 7. h3 Be6 8. b3 d5 9. c5 N6d7 10. Bd3 Be7 11. 0-0 Nxc5 12. dxc5 Bf6 13. Nc3 Bxc3 14. Rb1 Bf6 15. Bf4 Nd7 16. Qc2 h6 17. Rfe1 0-0 18. Re2 Be7 19. b4 a5 20. a3 axb4 21. axb4 Bf6 22. Qd2 Ra3 23. Bc2 Re8 24. Rbe1 Nf8 25. Nd4 Qd7 26. Bd6 Rea8 27. Bxf8 Bxd4 28. Bd6 Bf6 29. Be5 Qd8 30. Bd6 Rc3 31. Re3 Raa3 32. Rxc3 Rxc3 33. Re3 d4 34. Rxc3 dxc3 35. Qd3 g6 36. Qe3 Bg7 37. Bxg6 fxg6 38. Qxe6+ Kh7 39. Qe4 Qg5 40. Bf4 Qh4 41. Kf1 h5 42. Ke2 Qd8 43. f3 Qa8 44. Qc4 Qa4 45. h4 Qc2+ 46. Kf1 Qd1+ 47. Kf2 Bd4+ 48. Kg3 Bg7 49. Kh2 c2 50. g4 Qxf3 51. gxh5 Qxh5 52. Bg5 Qd1 53. Kg2 Qd5+ 54. Qxd5 cxd5 55. b5 Bh6 0-1

[Event "Rome Elo op 1st"]
[Site "Rome"]
[Date "2008.11.12"]
[Round "5"]
[White "Castelfranchi, Carlo"]
[Black "Quimi, Marco"]
[Result "1-0"]
[WhiteElo "2077"]
[BlackElo "2239"]
[PlyCount "63"]
[EventDate "2008.10.15"]
[EventType "swiss"]
[EventRounds "7"]
[EventCountry "ITA"]
[SourceTitle "EXT 2011"]
[Source "ChessBase"]
[SourceDate "2010.11.26"]
[SourceVersion "1"]
[SourceVersionDate "2010.11.26"]
[SourceQuality "1"]

1. e4 g6 2. d4 Bg7 3. Nc3 d6 4. Bc4 Nf6 5. Qe2 0-0 6. e5 dxe5 7. dxe5 Ng4 8. e6 f5 9. Nf3 c6 10. h3 Qa5 11. Bd2 Ne5 12. Nd5 Nxf3+ 13. gxf3 Qd8 14. Nf4 b5 15. Bb3 a5 16. a4 Ba6 17. axb5 Bxb5 18. c4 Ba6 19. 0-0 Bxb2 20. Bxa5 Qd4 21. Rad1 Qxf4 22. Qxb2 Bxc4 23. Bd2 Qh4 24. Bxc4 Qxh3 25. Be2 Ra4 26. f4 Ra3 27. Be1 Na6 28. Rd7 Re8 29. Qd4 c5 30. Qd2 Kf8 31. Rxe7 Rxe7 32. Qd8+ 1-0

[Event "Rome Elo op 1st"]
[Site "Rome"]
[Date "2008.10.22"]
[Round "2"]
[White "Mecali, Antonello"]
[Black "Castelfranchi, Carlo"]
[Result "0-1"]
[WhiteElo "1866"]
[BlackElo "2077"]
[PlyCount "78"]
[EventDate "2008.10.15"]
[EventType "swiss"]
[EventRounds "7"]
[EventCountry "ITA"]
[SourceTitle "EXT 2011"]
[Source "ChessBase"]
[SourceDate "2010.11.26"]
[SourceVersion "1"]
[SourceVersionDate "2010.11.26"]
[SourceQuality "1"]

1. c4 Nf6 2. Nf3 g6 3. g3 Bg7 4. Bg2 0-0 5. 0-0 d5 6. cxd5 Nxd5 7. Nc3 Nb6 8. d4 Nc6 9. a3 Bf5 10. e4 Bg4 11. d5 Nd4 12. h3 Nxf3+ 13. Bxf3 Bxh3 14. Bg2 Bxg2 15. Kxg2 Qd7 16. Bf4 c6 17. Qb3 cxd5 18. exd5 Bxc3 19. Qxc3 Nxd5 20. Qd2 Nxf4+ 21. Qxf4 Qd5+ 22. f3 Rac8 23. Rf2 Rc4 24. Qe3 Qc5 25. Qe2 Rc8 26. Rd1 Rc2 27. Rd2 Rxd2 28. Qxd2 Qc1 29. Qd3 Rc5 30. g4 Qg5 31. Qd8+ Kg7 32. Qd4+ Qe5 33. Qb4 b5 34. Qd2 Rd5 35. Qc1 h5 36. Kh3 hxg4+ 37. fxg4 Rd3+ 38. Kg2 Qg3+ 39. Kf1 Qxg4 0-1

[Event "Bratto op-A 28th"]
[Site "Bratto"]
[Date "2008.08.25"]
[Round "4"]
[White "Castelfranchi, Carlo"]
[Black "Burlando, Alessandro"]
[Result "0-1"]
[WhiteElo "2088"]
[BlackElo "2161"]
[PlyCount "50"]
[EventDate "2008.08.22"]
[EventType "swiss"]
[EventRounds "9"]
[EventCountry "ITA"]
[SourceTitle "CBM 126 Extra"]
[Source "ChessBase"]
[SourceDate "2008.11.05"]
[SourceVersion "1"]
[SourceVersionDate "2008.11.05"]
[SourceQuality "1"]

1. e4 e6 2. d4 d5 3. Nd2 Be7 4. Ngf3 Nf6 5. e5 Nfd7 6. Bd3 c5 7. c3 Nc6 8. 0-0 g5 9. dxc5 g4 10. Nd4 Ndxe5 11. Bb5 Bd7 12. f4 gxf3 13. N2xf3 Ng6 14. Bxc6 bxc6 15. Bh6 f6 16. h4 e5 17. h5 exd4 18. Qxd4 Nf8 19. Rae1 Ne6 20. Qg4 Qc7 21. Bg7 Rg8 22. Rxe6 Bxe6 23. Qxe6 Rxg7 24. h6 Rg6 25. Ne5 Qxe5 0-1

[Event "Rome op"]
[Site "Rome"]
[Date "2007.11.03"]
[Round "8"]
[White "Quimi, Marco"]
[Black "Castelfranchi, Carlo"]
[Result "1-0"]
[WhiteElo "2271"]
[BlackElo "2083"]
[PlyCount "157"]
[EventDate "2007.10.29"]
[EventType "swiss"]
[EventRounds "9"]
[EventCountry "ITA"]
[SourceTitle "EXT 2009"]
[Source "ChessBase"]
[SourceDate "2008.11.26"]
[SourceVersion "1"]
[SourceVersionDate "2008.11.26"]
[SourceQuality "1"]

1. e4 Nf6 2. e5 Nd5 3. c4 Nb6 4. c5 Nd5 5. Nc3 e6 6. Bc4 Nxc3 7. bxc3 Bxc5 8. Qg4 g6 9. h4 d5 10. Bb3 h5 11. Qg3 d4 12. Nf3 Nc6 13. 0-0 Bd7 14. Re1 Qe7 15. Re4 d3 16. Bc4 Na5 17. Bxd3 0-0-0 18. Be2 Ba3 19. Bxa3 Qxa3 20. Rb4 c5 21. Rbb1 Bc6 22. Qf4 Rhf8 23. Ng5 Qa4 24. Qxa4 Bxa4 25. Bb5 Bc2 26. Rb2 Bf5 27. Re1 a6 28. Bf1 Nc6 29. f4 Rd7 30. Kf2 Rfd8 31. Rd1 Kc7 32. g3 Bg4 33. Be2 Bf5 34. Nh7 Bd3 35. Bf3 Na5 36. Nf6 Re7 37. a4 Rb8 38. Be4 Nc4 39. Ra2 Rd8 40. Bxd3 Rxd3 41. Ne4 Kc6 42. a5 Red7 43. Ke2 Ne3 44. Rb1 Nf5 45. Rb6+ Kc7 46. Nxc5 Nxg3+ 47. Ke1 Rf3 48. Kd1 Rd5 49. Nxb7 Rxa5 50. Nxa5 Kxb6 51. Nc4+ Kc5 52. Nd6 Rxf4 53. Rxa6 Ne4 54. Kc2 Rxh4 55. Ra4 Kd5 56. Rd4+ Kxe5 57. Nxf7+ Kf5 58. Nd6+ Ke5 59. Nc4+ Kf5 60. Ne3+ Ke5 61. Nc4+ Kf6 62. d3 Rh2+ 63. Kb3 Nc5+ 64. Kb4 Nxd3+ 65. Rxd3 g5 66. Rf3+ Ke7 67. Ne5 g4 68. Rf7+ Kd6 69. Nd3 e5 70. c4 e4 71. c5+ Kd5 72. Nf4+ Ke5 73. c6 e3 74. Kb5 Rb2+ 75. Kc5 Rc2+ 76. Kb6 e2 77. c7 h4 78. Nd3+ Kd4 79. Rd7+ 1-0

[Event "Rome op"]
[Site "Rome"]
[Date "2007.10.29"]
[Round "1"]
[White "Castelfranchi, Carlo"]
[Black "Isonzo, Davide"]
[Result "0-1"]
[WhiteElo "2083"]
[BlackElo "2339"]
[PlyCount "50"]
[EventDate "2007.10.29"]
[EventType "swiss"]
[EventRounds "9"]
[EventCountry "ITA"]
[SourceTitle "EXT 2009"]
[Source "ChessBase"]
[SourceDate "2008.11.26"]
[SourceVersion "1"]
[SourceVersionDate "2008.11.26"]
[SourceQuality "1"]

1. e4 c5 2. Nf3 d6 3. d4 cxd4 4. Nxd4 Nf6 5. Nc3 a6 6. Bg5 e6 7. f4 Nbd7 8. Bc4 b5 9. Bb3 b4 10. Na4 Bb7 11. 0-0 Qc7 12. e5 dxe5 13. fxe5 Qxe5 14. Nf3 Qc7 15. Qd4 Rd8 16. Rae1 Be7 17. Qh4 Qa5 18. c3 h6 19. cxb4 Qxb4 20. Bxf6 Nxf6 21. Qg3 0-0 22. Nc3 Nh5 23. Qe5 Nf4 24. a3 Qb6+ 25. Kh1 Nd3 0-1

[Event "Bratto op-A 27th"]
[Site "Bratto"]
[Date "2007.08.30"]
[Round "8"]
[White "Castelfranchi, Carlo"]
[Black "Radice, Luca"]
[Result "0-1"]
[WhiteElo "2114"]
[BlackElo "2056"]
[PlyCount "96"]
[EventDate "2007.08.23"]
[EventType "swiss"]
[EventRounds "9"]
[EventCountry "ITA"]
[SourceTitle "CBM 120 Extra"]
[Source "ChessBase"]
[SourceDate "2007.11.01"]
[SourceVersion "1"]
[SourceVersionDate "2007.11.01"]
[SourceQuality "1"]

1. e4 e6 2. d4 d5 3. Nd2 Nc6 4. Ngf3 Nf6 5. e5 Nd7 6. Be2 f6 7. exf6 Qxf6 8. Nf1 Bd6 9. Ne3 Ne7 10. Ng4 Qg6 11. Nh4 Qf7 12. 0-0 0-0 13. Nf3 Ng6 14. Ng5 Qe8 15. Bd3 h6 16. Nh3 c5 17. c3 Nf6 18. Nxf6+ Rxf6 19. Qh5 Bd7 20. dxc5 Bxc5 21. c4 Qf7 22. Be3 b6 23. b4 Bd6 24. cxd5 e5 25. Bg5 hxg5 26. Nxg5 Qe8 27. Qh7+ Kf8 28. Ne4 Nf4 29. Nxf6 gxf6 30. Be4 Rc8 31. g3 Ne2+ 32. Kg2 Qf7 33. Qh6+ Qg7 34. Qe3 Nf4+ 35. Kh1 Nh3 36. Rac1 Rxc1 37. Rxc1 Qg5 38. a3 Nxf2+ 39. Qxf2 Qxc1+ 40. Kg2 Ke7 41. Bf5 Bxf5 42. Qxf5 Qd2+ 43. Kh3 Qxd5 44. Qh7+ Qf7 45. Qe4 Qe6+ 46. Kg2 f5 47. Qh4+ Kd7 48. Qh7+ Be7 0-1